| 000 | 01107cam a22002891a 4500 | ||
|---|---|---|---|
| 001 | int59000086 | ||
| 003 | DLC | ||
| 005 | 20260227111517.0 | ||
| 008 | 910819s1959 dcua f000 0 eng | ||
| 010 | _aint59000086 | ||
| 035 | _a(OCoLC)24253247 | ||
| 040 |
_aDLC _cAzTeS _dOCoLC _dDLC |
||
| 042 | _apremarc | ||
| 050 | 0 | 0 |
_aTN23 _b.U43 no. 5462 |
| 245 | 0 | 0 |
_aOperations of manganese-ore-purchasing depots at Deming, N. Mex., and Wenden, Ariz. / _cby W.W. Agey ... [et al.] |
| 260 |
_aWashington : _bU.S. G.P.O., _c1959. |
||
| 300 |
_a18 p. : _bill. ; _c26 cm. |
||
| 490 | 1 |
_aReport of investigations ; _v5462 |
|
| 650 | 0 |
_aManganese ores _zNew Mexico _zDeming. |
|
| 650 | 0 |
_aManganese ores _zArizona _zWenden. |
|
| 650 | 0 |
_aManganese ores _xAnalysis. |
|
| 650 | 0 |
_aManganese mines and mining _zNew Mexico _zDeming. |
|
| 650 | 0 |
_aManganese mines and mining _zArizona _zWenden. |
|
| 700 | 1 |
_aAgey, W. W. _q(Wallace Woods) |
|
| 740 | 0 | _aOperations of manganese ore purchasing depots at Deming, New Mexico and Wenden, Arizona. | |
| 830 | 0 |
_aReport of investigations (United States. Bureau of Mines) ; _v5462. |
|
| 999 |
_c34821 _d34821 |
||